| 000 | 00884nam a2200253Ia 4500 | ||
|---|---|---|---|
| 003 | OSt | ||
| 005 | 20220925223804.0 | ||
| 006 | a|||||r|||| 00| 0 | ||
| 007 | ta | ||
| 008 | 220923b |||||||| |||| 00| 0 eng d | ||
| 020 |
_a9780415544771 _c6005.7600000000002 |
||
| 037 |
_b35383, 31/07/2012, Segment Book Distrobutors _cGeneral Book |
||
| 040 |
_aRTL _cRTL _beng |
||
| 041 |
_2eng _aeng |
||
| 082 | _aX:77:(G:55), Q2 | ||
| 100 |
_aMartinet Vincent _9290347 |
||
| 245 | 0 |
_aEconomic theory and sustainable development _b What can we preserve for future generations? |
|
| 260 |
_aLondon _bRoutledge _c2012 |
||
| 300 |
_axiii, 203p _ccm. |
||
| 490 | _aRoutledge Studies in Ecological Economics | ||
| 650 | _aEconomics | ||
| 942 |
_hX:77:(G:55), Q2 _cGB _2CC |
||
| 999 |
_c580396 _d580396 |
||